Classificació decimal de Brussel·les : adaptació per a les biblioteques populars de la Mancomunitat de Catalunya adaptació per a les biblioteques populars de la Mancomunitat de Catalunya
Descripción Física:
277 p. ; 21'5 cm
Otros Autores:
Catalunya. Mancomunitat. Consell de Pedagogia
Materias:
Classificació decimal
MARC
| LEADER | 00000nam a2200000Ia 4500 | ||
|---|---|---|---|
| 001 | 9269 | ||
| 008 | 160829s1921 xx 000 0 cat d | ||
| 710 | 2 | |a Catalunya. |b Mancomunitat |9 53015 | |
| 856 | 4 | |u https://media.diba.cat/diba/fitxers/arxiu/mancomunitat/bib_9269_1921_web.pdf |y Accés lliure | |
| 952 | |0 0 |1 0 |4 0 |6 A1323 |7 1 |9 47804 |a Arxiu |b Arxiu |d 2016-12-01 |l 0 |o A-1-323 |p 9269 |r 2016-12-01 00:00:00 |w 2016-12-01 |y ARXIU | ||
| 999 | |c 51603 |d 51603 | ||
| 080 | |a A-1-323 | ||
| 245 | |a Classificació decimal de Brussel·les : |b adaptació per a les biblioteques populars de la Mancomunitat de Catalunya | ||
| 260 | |a Barcelona : |b Mancomunitat de Catalunya. Consell de Pedagogia, |c 1921 | ||
| 300 | |a 277 p. ; |c 21'5 cm | ||
| 590 | |a Extret de Quaderns d' Estudi. | ||
| 650 | |a Classificació decimal |9 33478 | ||
| 700 | |a Catalunya. Mancomunitat. Consell de Pedagogia |9 20528 | ||
| 901 | |a Arxiu | ||
| 942 | |n 1 |2 udc | ||